000 00510nam a2200157 4500
001 123688
003 ES-MaACL
005 20230906192224.0
007 t|
008 070214s1972 sp r ||||1| spa d
100 1 _aQuintanilla, Miguel A. (
_d1945-)
_994700
245 1 0 _aIdealismo y filosofía de la ciencia
_b: introducción a la epistemología de Karl R. Popper /
_cMiguel Angel Quintanilla.
260 _aMadrid :
_bTecnos,
_c1972.
300 _a164 p. ;
_c22 cm.
852 _aES-MaACL
_jC-43786
_bR.83351
999 _c123688
_d123688